Quiz sur les Hauts-de-Seine - Statistiques

Statistiques générales
  • Ce quiz a été pris 7 416 fois
  • Le résultat moyen est 12 sur 20
Statistiques - réponses
Question Réponse % Correct
Région dans laquelle il se situe Île-de-France
99%
Numéro du département 92
98%
Métropole à laquelle l'intégralité du département appartient Grand Paris
87%
Premier quartier d'affaires de France et d'Europe pour l'étendue de son parc de bureaux La Défense
86%
Préfecture et deuxième ville du département Nanterre
82%
Ancien député des Hauts-de-Seine devenu Président de la République Nicolas Sarkozy
81%
Maire controversé de Levallois-Perret, qui a été en poste pendant 31 ans Patrick Balkany
71%
Sous-préfecture et plus grande ville Boulogne-Billancourt
67%
Sport dans lequel Levallois et la préfecture ont chacun un club de première division Basketball
64%
Terme regroupant les Hauts-de-Seine, la Seine-Saint-Denis et le Val-de-Marne Petite Couronne
58%
Club de rugby à XV qui est basé au Plessis-Robinson Racing 92
55%
Première entreprise française par le chiffre d'affaires, qui y est basée TotalEnergies
55%
Film mettant en scène un bourguignon de cité découvrant les quartiers chics des Hauts-de-Seine Neuilly sa mère !
50%
Seule autre sous-préfecture Antony
35%
Écrivain altoséquanais qui est tristement célèbre pour son antisémitisme Céline
35%
Ancien département auquel appartenaient 9 communes des actuels Hauts-de-Seine Seine-et-Oise
35%
Commune la moins peuplée du département connue pour être le lieu de résidencede nombreuses stars dont Johnny Hallyday qui possédait la Savannah Marnes-la-Coquette
30%
Ville connue pour sa manufacture de porcelaine créée en 1740 et indissociable de la couleur bleue Sèvres
30%
Commune accueillant le premier port fluvial de France et le deuxième d'Europe Gennevilliers
28%
Écrivain, chanteur, musicien, ingénieur... né à Ville-d'Avray qui utilisait le pseudonyme Vernon Sullivan Boris Vian
17%
Aucun quiz correspondant
Distribution des résultats
% des personnes avec chaque résultat
Percentile par nombre de réponses
Votre historique - résultats
Vous n’avez pas pris ce quiz